000 00279nam a22001337a 4500
008 170601b xxu||||| |||| 00| 0 eng d
020 _a0822365586
041 _aeng
080 _a94
100 _a17
101 _aSHH
245 _aRADICAL HISTORY
_cBROCK.L
942 _2udc
_cBK
999 _c15505
_d15505